Statistics for Top 50 Countries With The Highest Education Score

Click here to take the quiz!

General Stats

  • This quiz has been taken 152 times
  • The average score is 42 of 50

Answer Stats

ScoreCountry% Correct
0.907Finland
100%
0.905Norway
100%
0.902Sweden
100%
0.899United Kingdom
99%
0.869Japan
98%
0.918Australia
97%
0.897Canada
97%
0.867United States
97%
0.895Belgium
95%
0.920Denmark
95%
0.914New Zealand
95%
0.835Spain
95%
0.904Germany
94%
0.886South Korea
94%
0.851Austria
93%
0.790Italy
92%
0.912Netherlands
92%
0.838Greece
91%
0.917Ireland
91%
0.832Luxembourg
91%
0.848Russia
91%
0.915Iceland
90%
0.929Switzerland
90%
0.874Estonia
89%
0.936Singapore
89%
0.845France
88%
0.879Czech Republic
87%
0.855Latvia
87%
0.866Lithuania
87%
0.864Poland
87%
0.827Hungary
86%
0.837Slovakia
86%
0.802Croatia
85%
0.893Slovenia
85%
0.787Serbia
84%
0.862Israel
83%
0.805Ukraine
83%
0.814United Arab Emirates
81%
0.815Bulgaria
80%
0.840Belarus
77%
0.831Argentina
75%
0.819Chile
74%
0.830Malta
71%
0.792Saudi Arabia
69%
0.816Cyprus
63%
0.796Montenegro
63%
0.789Uruguay
59%
0.808Cuba
47%
0.844Georgia
44%
0.824Kazakhstan
42%

Score Distribution

Percentile by Number Answered

Percent of People with Each Score

Your Score History

You have not taken this quiz